| 000 | 00687nam a22001937a 4500 | ||
|---|---|---|---|
| 999 |
_c6191 _d6191 |
||
| 003 | AR-CdUCM | ||
| 008 | 190313b ||||| |||| 00| 0 que d | ||
| 040 |
_aMUNICIPALIDAD PROVINCIAL DEL CUSCO _cBIBLIOTECA MUNICIPAL DEL CUSCO |
||
| 082 |
_a498.323 / _bK12 |
||
| 110 |
_aAsociación Pukllasunchis _92457 |
||
| 245 |
_aKachikachicha : _bconcurso de cuentos para niñas y niños escrits por los profesores de la red educativa rural Yaurisque / |
||
| 260 |
_aCusco : _bAsociación Pukllasunchis, _c2004. |
||
| 300 |
_a50 páginas ; _bilustraciones ; _c30 cm. |
||
| 650 |
_aCuentos _9217 |
||
| 650 |
_aQuechua _92063 |
||
| 650 |
_aCuentos niños _917875 |
||
| 942 |
_2ddc _cLIBROS |
||
| 945 | _azta | ||